000 00727nam a2200181 a 4500
008 170426s2013 ||||||||||||||||| || u
020 _a9780702031588
050 _aRK 60.5 Bon
100 _aBonsor, Stephen J
245 1 2 _aA clinical guide to applied dental materials
_cBy Stephen J. Bonsor, Gavin J. Pearson.
260 _aLondon:
_bChurchill Livingstone/Elsevier
_c2013
300 _aix, 454p.: ill.
350 _a76.95
650 _aDENTAL HYGIENISTS--OUTLINES
650 0 _aDENTAL HYGIENE
650 _aDENTAL PROPHYLAXIS--OUTLINES
995 _aMEDICAL LIBRARY OPEN ACCESS
_D76.95
_e903920
_FCBU-SCHOOL OF MEDICINE LIBRARY (Ndola)
_jRK 60.5 Bon
_M1
_UAVAILABLE
_WApr 26, 2017
_y903920
_ZMedical Library Open Access Collection
999 _c31014
_d31014